Talking about in identity encounters in race, ethnicity, and language
Salvato in:
| Autore principale: | |
|---|---|
| Natura: | Libro |
| Lingua: | Undetermined |
| Pubblicazione: |
Canada
Toronto
2001
|
| Tags: |
Aggiungi Tag
Nessun Tag, puoi essere il primo ad aggiungerne! !
|
| Thư viện lưu trữ: | Trung tâm Học liệu Trường Đại học Cần Thơ |
|---|
| LEADER | 00445nam a2200157Ia 4500 | ||
|---|---|---|---|
| 001 | CTU_56096 | ||
| 008 | 210402s9999 xx 000 0 und d | ||
| 082 | |a 306.446'0971 | ||
| 082 | |b J28 | ||
| 100 | |a Carl E.James | ||
| 245 | 0 | |a Talking about in identity encounters in race, ethnicity, and language | |
| 245 | 0 | |c Carl E.James | |
| 260 | |a Canada | ||
| 260 | |b Toronto | ||
| 260 | |c 2001 | ||
| 980 | |a Trung tâm Học liệu Trường Đại học Cần Thơ | ||